The strategic teacher: (Record no. 12893)

000 -LEADER
fixed length control field 00714nam a22001817a 4500
008 - FIXED-LENGTH DATA ELEMENTS--GENERAL INFORMATION
fixed length control field 160809b xxu||||| |||| 00| 0 eng d
020 ## - INTERNATIONAL STANDARD BOOK NUMBER
International Standard Book Number 9781416606093
050 ## - LIBRARY OF CONGRESS CALL NUMBER
Classification number LB 1025.3.S548 2007
100 ## - MAIN ENTRY--PERSONAL NAME
Personal name Silver, Harvey F.
Dates associated with a name 2007
245 ## - TITLE STATEMENT
Title The strategic teacher:
Remainder of title selecting the right research -based strategy for every lesson/
Statement of responsibility, etc. Harvey F.Silver, Richard W. Strong and Matthew J. Perini
260 ## - PUBLICATION, DISTRIBUTION, ETC. (IMPRINT)
Place of publication, distribution, etc. New Jersey;
Name of publisher, distributor, etc. Pearson,
Date of publication, distribution, etc. 2007.
300 ## - PHYSICAL DESCRIPTION
Extent xii, 272 p. : ill.
Other physical details Includes bibliographical references and index.
650 ## - SUBJECT ADDED ENTRY--TOPICAL TERM
Topical term or geographic name as entry element Effective teaching.
650 ## - SUBJECT ADDED ENTRY--TOPICAL TERM
Topical term or geographic name as entry element Lesson planning.
700 ## - ADDED ENTRY--PERSONAL NAME
Personal name Strong, Richard W.
700 ## - ADDED ENTRY--PERSONAL NAME
Personal name Perini, Matthew J.
942 ## - ADDED ENTRY ELEMENTS (KOHA)
Source of classification or shelving scheme
Koha item type Hard Covered Materials
Classification part LB 1025.3.S548 2007
Holdings
Withdrawn status Lost status Source of classification or shelving scheme Damaged status Not for loan Home library Current library Shelving location Date acquired Source of acquisition Total Checkouts Full call number Barcode Date last seen Price effective from Koha item type
          MACHAKOS UNIVERSITY LIBRARY MACHAKOS UNIVERSITY LIBRARY Open shelf 09/08/2016 Donation   LB 1025.3.S548 2007 24376 31/05/2019 09/08/2016 Hard Covered Materials
© Machakos University Library, Along The Highway, Machakos Wote Rd, Machakos, Kenya P.O. Box 136 - 90100 Machakos - Kenya

Tel: ( +254 ) 723 805829 OR Fax : 044-20353 OR Email: library@mksu.ac.ke